ბათუმის შოთა რუსთაველის სახელმწიფო უნივერსიტეტის ბიბლიოთეკა

შორ გზაზე : (ბიბ.ჩანაწერი № 40996)

000 -ლიდერი
ფიქსირებული სიგრძის საკონტროლო ველი 01124nam a2200229Ia 4500
001 - საკონტროლო ნომერი
საკონტროლო ველი 7644
003 - საკონტროლო ნომრის იდენტიფიკატორი
საკონტროლო ველი GE_BSU
005 - ბოლო ოპერაციის თარიღი და დრო
საკონტროლო ველი 20240122144904.0
008 - ფიქსირებული სიგრძის მონაცემთა ელემენტები - ზოგადი ინფორმაცია
ფიქსირებული სიგრძის საკონტროლო ველი 181216s1976||||ge |||||||||||||| ||geo||
040 ## - კატალოგიზაციის წყარო
Transcribing agency GE_BSU
041 ## - ენის კოდი
Language code of text/sound track or separate title geo
080 ## - უნივერსალური ათობითი კლასიფიკაციის ინდექსი
Universal Decimal Classification number 821.353.1-32 დ–74
100 ## - მთავარი ჩანაწერი - პიროვნების სახელი
Personal name დონჟაშვილი, თინა
9 (RLIN) 20879
245 ## - ცნობა სათაურის შესახებ
Title შორ გზაზე :
Remainder of title მოთხრობები /
Statement of responsibility, etc თინა დონჟაშვილი ; სარედ. კოლეგია : გივი გოგიჩაიშვილი, მურმან ლებანიძე, იოსებ გრიშაშვილი და სხვ. ; მხატვ. ე. ბურჯანაძე.
264 ## - წარმოების, გამოცემის, დისტრიბუციის და სხვა ცნობები
გამოცემის, წარმოების, დისტრიბუციის... ადგილი თბილისი :
გამოცემის, წარმოების, დისტრიბუციის... სახელწოდება მერანი,
გამოცემის, წარმოების, დისტრიბუციის... თარიღი 1976.
300 ## - ფიზიკური აღწერა
Extent 89 გვ. ;
Dimensions 20 სმ.
490 ## - სერიის ცნობა
Series statement ქართველი მწერლები დიდ სამამულო ომში
653 ## - INDEX TERM--UNCONTROLLED
Uncontrolled term მოთხრობები
653 ## - INDEX TERM--UNCONTROLLED
Uncontrolled term შორ გზაზე
700 ## - ADDED ENTRY--PERSONAL NAME
Personal name ბურჯანაძე, ე.
Relator term მხატვარი
9 (RLIN) 4104
942 ## - ADDED ENTRY ELEMENTS (KOHA)
Koha item type წიგნი
Source of classification or shelving scheme
ეგზემპლარები
ჩამოწერის სტატუსი დაკარგული ეგზემპლარის სტატუსი კლასიფიკაციის წყარო ან თაროზე გაწყობის სქემა დაზიანების სტატუსი არ გაიცემა მუდმივი მდებარეობა (დაცვის ადგილი) ამჟამინდელი ადგილსამყოფელი შეძენის თარიღი ღირებულება, შესყიდვის ნორმალური ფასი სრული შენახვის შიფრი შტრიხკოდი ბოლო ოპერაციის თარიღი ეგზემპლარის მიმდევრობითი ნომერი (კეტერი?) ფასის ძალაში შესვლის თარიღი ეგზემპლარის სახეობა საჯარო შენიშვნა
          ბათუმის შოთა რუსთაველის სახელმწიფო უნივერსიტეტის მთავარი ბიბლიოთეკა ბათუმის შოთა რუსთაველის სახელმწიფო უნივერსიტეტის მთავარი ბიბლიოთეკა 2018-12-17 0.34 821.353.1-32 დ–74 23541 2018-12-17 23541 2018-12-17 წიგნი 0.34 ₾.